000 01306nab a22002537a 4500
999 _c5911
_d5911
003 OSt
005 20260110020656.0
008 190605e xxu||||| |||| 00| 0 spa d
040 _cPJ
100 _95129
_aSfeir, Santiago L.
245 1 0 _aIrrenunciabilidad vs. autonomía de la voluntad. La validez de los acuerdos bilaterales de extinción del contrato de trabajo /
_cSantiago L. Sfeir.
260 _aCiudad Autónoma de Buenos Aires :
_bThomson Reuters La Ley,
_c2023.
300 _ap. 61-64
500 _aCita: TR LALEY AR/DOC/1869/2023.
505 _aSumario: I. Introducción.— II. Disquisiciones acerca de la autonomía y los vicios de la voluntad.— III. El art. 241 LCT. Requisitos rituales para la validez de los acuerdos bilaterales de extinción del contrato de trabajo.— IV. Reflexiones finales.
505 _t¿Te interesa el texto completo? Solicitalo al correo: koha@justierradelfuego.gov.ar
650 0 _91316
_aDERECHO LABORAL
650 0 _91323
_aCONTRATO DE TRABAJO
650 0 _91533
_aDESPIDO
650 0 _91486
_aEXTINCION DEL CONTRATO DE TRABAJO
650 0 _91534
_aINDEMNIZACION POR DESPIDO
773 0 _02711
_93168
_dCiudad Autónoma de Buenos Aires : Thomson Reuters La Ley, 1999-2002.
_tRevista de derecho del trabajo. Nº 6 - Noviembre 2023
942 _2udc
_cANA